00955nam a22003015i 4500999001900000001000900019003000500028005001700033008004100050010001700091020001800108038001200126040002300138042000800161082001800169100002500187245012300212250001700335263000900352264004300361300001300404336002600417337002800443338002700471906004500498942001200543952009800555 c535018d53501818712819NUST20200827101725.0150723s2015 mau 000 0 eng  a 2015947526 a9781305635104 aMSOHAIL aDLCbengerdacDLC apcc a620.0014bING1 aIngre, David.92949710aEngineering communication :ba practical guide to workplace communications for engineers /cDavid Ingre, Robert Basil. a2nd edition. a1511 1aBoston, MA :bCengage Learning,c2015. apages cm atextbtxt2rdacontent aunmediatedbn2rdamedia avolumebnc2rdacarrier a0bibccorignewd2eepcnf20gy-gencatlg 2ddccBK 00102ddc4070aNITbNITd2020-08-27l0o620.0014 INGpNIT-13117r2020-08-27w2020-08-27yBK